All Ipswich Town Premier League Players Ever - Statistics

General Stats
  • This quiz has been taken 8 times
  • The average score is 43 of 125
Answer Stats
% Correct
1994/95 England Richard Wright 3
75%
2000/01 England Richard Wright 36
75%
1992/93 Canada Craig Forrest 11
63%
1993/94 Canada Craig Forrest 27
63%
1994/95 Canada Craig Forrest 36
63%
2000/01 England David Johnson 14
63%
2001/02 Nigeria Findi George 25
63%
1992/93 Wales Geraint Williams 37
63%
1993/94 Wales Geraint Williams 34
63%
1994/95 Wales Geraint Williams 38
63%
2000/01 England James Scowcroft 34
63%
2000/01 England Jermaine Wright 37
63%
2001/02 England Jermaine Wright 29
63%
1992/93 Scotland John Wark 37
63%
1993/94 Scotland John Wark 38
63%
1994/95 Scotland John Wark 26
63%
2000/01 England Marcus Stewart 34
63%
2001/02 England Marcus Stewart 28
63%
2000/01 Ireland Matt Holland 38
63%
2001/02 Ireland Matt Holland 38
63%
2000/01 England Richard Naylor 13
63%
2001/02 England Richard Naylor 14
63%
1992/93 England Simon Milton 12
63%
1993/94 England Simon Milton 15
63%
1994/95 England Simon Milton 25
63%
1994/95 Uruguay Adrian Paz 17
50%
1992/93 Bulgaria Bontcho Guenchev 21
50%
1993/94 Bulgaria Bontcho Guenchev 24
50%
1994/95 Bulgaria Bontcho Guenchev 16
50%
1992/93 England Chris Kiwomya 38
50%
1993/94 England Chris Kiwomya 37
50%
1994/95 England Chris Kiwomya 15
50%
2001/02 England Darren Bent 5
50%
2000/01 Netherlands Fabian Wilnis 29
50%
2001/02 Netherlands Fabian Wilnis 14
50%
1992/93 Canada Frank Yallop 6
50%
1993/94 Canada Frank Yallop 7
50%
1994/95 Canada Frank Yallop 41
50%
1992/93 England Gavin Johnson 40
50%
1993/94 England Gavin Johnson 16
50%
1994/95 England Gavin Johnson 17
50%
1992/93 England Jason Dozzell 41
50%
2000/01 Northern Ireland Jim Magilton 33
50%
2001/02 Northern Ireland Jim Magilton 24
50%
2001/02 England Marcus Bent 25
50%
2000/01 England Mark Venus 25
50%
2001/02 England Mark Venus 29
50%
2000/01 Netherlands Martijn Reuser 26
50%
2001/02 Netherlands Martijn Reuser 24
50%
2001/02 Spain Pablo Counago 13
50%
2000/01 England Alun Armstrong 21
38%
2001/02 England Alun Armstrong 32
38%
1994/95 Denmark Claus Thomsen 33
38%
2000/01 Iceland Hermann Hreidarsson 36
38%
2001/02 Iceland Hermann Hreidarsson 38
38%
2000/01 England Jamie Clapham 35
38%
2001/02 England Jamie Clapham 32
38%
2001/02 Italy Matteo Sereni 25
38%
1992/93 England Mick Stockwell 39
38%
1993/94 England Mick Stockwell 42
38%
1994/95 England Mick Stockwell 15
38%
2001/02 France Ulrich Le Pen 1
38%
1994/95 England Adam Tanner 10
25%
2000/01 England Chris Makin 10
25%
2001/02 England Chris Makin 30
25%
2001/02 England Darren Ambrose 1
25%
1992/93 England David Gregory 3
25%
1994/95 England David Gregory 1
25%
1993/94 England Ian Marshall 29
25%
1994/95 England Ian Marshall 18
25%
2000/01 England John McGreal 28
25%
2001/02 England John McGreal 27
25%
1994/95 Zambia Neil Gregory 3
25%
1993/94 England Paul Mason 22
25%
1994/95 England Paul Mason 21
25%
2001/02 Argentina Sixto Peralta 22
25%
1992/93 England Steve Palmer 7
25%
1993/94 England Steve Palmer 36
25%
1994/95 England Steve Palmer 12
25%
1994/95 England Steve Sedgley 26
25%
2000/01 England Titus Bramble 26
25%
2001/02 England Titus Bramble 18
25%
1994/95 Scotland Alex Mathie 13
13%
2001/02 England Andy Marshall 13
13%
1992/93 Australia Andy Petterson 1
13%
1994/95 England Chris Swailes 4
13%
1992/93 England Clive Baker 31
13%
1993/94 England Clive Baker 15
13%
1994/95 England Clive Baker 2
13%
1992/93 England David Linighan 42
13%
1993/94 England David Linighan 38
13%
1994/95 England David Linighan 32
13%
1992/93 England Eddie Youds 16
13%
1993/94 England Eddie Youds 23
13%
1994/95 England Eddie Youds 10
13%
2000/01 England Gary Croft 8
13%
1992/93 England Glenn Pennyfather 4
13%
2000/01 England John Scales 2
13%
2000/01 Ireland Keith Branagan 2
13%
2001/02 Ireland Keith Branagan 1
13%
1994/95 England Kevin Ellis 1
13%
1994/95 England Lee Chapman 16
13%
1993/94 England Lee Durrant 7
13%
1994/95 New Zealand Lee Norfolk 3
13%
1994/95 England Leo Cotterell 2
13%
2000/01 Scotland Mark Burchill 7
13%
2000/01 Netherlands Nabil Abidallah 2
13%
1992/93 England Neil Thompson 31
13%
1993/94 England Neil Thompson 32
13%
1994/95 England Neil Thompson 10
13%
1992/93 England Paul Goddard 25
13%
1993/94 England Paul Goddard 4
13%
1994/95 England Philip Morgan 1
13%
1992/93 England Phil Whelan 32
13%
1993/94 England Phil Whelan 29
13%
1994/95 England Phil Whelan 13
13%
1992/93 England Steve Whitton 24
13%
1993/94 England Steve Whitton 11
13%
1993/94 England Stuart Slater 28
13%
1994/95 England Stuart Slater 27
13%
2001/02 Denmark Thomas Gaardsoe 4
13%
2001/02 England Tommy Miller 8
13%
1994/95 England Tony Vaughan 10
13%
1992/93 North Macedonia Vlado Bozinoski 9
13%
2000/01 England Wayne Brown 4
13%
No matching quizzes found
Score Distribution
Percent of People with Each Score
Percentile by Number Answered
Your Score History
You have not taken this quiz